Coupe du Monde 2018: Adversaires de l'équipe de France (Mort subite) - Statistiques

Statistiques générales
  • Ce quiz a été pris 99 fois
  • Le résultat moyen est 6 sur 7
Answers on the Grid
Answers color-coded by a green-red scale on the quiz's grid according to % correct below.
Australie
Pérou
Danemark
Argentine
Uruguay
Belgique
Croatie
Allemagne
Brésil
Costa Rica
Corée du Sud
Afrique du Sud
Serbie
Cameroun
Suisse
Pays-Bas
Nouvelle-Zélande
Russie
Mexique
Suède
 
Statistiques - réponses
Réponse % Correct
1/8 de finale 4-3 Argentine
91%
Finale 4-2 Croatie
91%
1/2 finale 1-0 Belgique
89%
Premier tour 2-1 Australie
85%
Premier tour 0-0 Danemark
84%
1/4 de finale 2-0 Uruguay
83%
Premier tour 1-0 Pérou
79%
Aucun quiz correspondant
Distribution des résultats
% des personnes avec chaque résultat
Percentile par nombre de réponses
Votre historique - résultats
Vous n’avez pas pris ce quiz